<?xml version="1.0" encoding="UTF-8"?>
<record
    xmlns:xsi="http://www.w3.org/2001/XMLSchema-instance"
    xsi:schemaLocation="http://www.loc.gov/MARC21/slim http://www.loc.gov/standards/marcxml/schema/MARC21slim.xsd"
    xmlns="http://www.loc.gov/MARC21/slim">

  <leader>00744nam a2200181 a 4500</leader>
  <controlfield tag="001">2312</controlfield>
  <controlfield tag="003">CDMR</controlfield>
  <controlfield tag="005">20131118161641.0</controlfield>
  <controlfield tag="008">130130s1968||||||||||||||||||||||||||||d</controlfield>
  <datafield tag="040" ind1=" " ind2=" ">
    <subfield code="a">CDMR</subfield>
    <subfield code="b">cat</subfield>
    <subfield code="c">CDMR</subfield>
  </datafield>
  <datafield tag="100" ind1="1" ind2=" ">
    <subfield code="a">Fraga Iribarne, Manuel</subfield>
    <subfield code="9">1732</subfield>
  </datafield>
  <datafield tag="245" ind1="1" ind2="3">
    <subfield code="a">La radiotelevisi&#xF3;n como cultura comunitaria y la formaci&#xF3;n de sus profesionales</subfield>
  </datafield>
  <datafield tag="260" ind1=" " ind2=" ">
    <subfield code="a">Madrid</subfield>
    <subfield code="c">1968</subfield>
    <subfield code="b">Ministerio de Informaci&#xF3;n y Turismo</subfield>
  </datafield>
  <datafield tag="300" ind1=" " ind2=" ">
    <subfield code="a">24 p.</subfield>
  </datafield>
  <datafield tag="500" ind1=" " ind2=" ">
    <subfield code="a">A la coberta: Discurso del Excmo. Sr. Ministro de Informaci&#xF3;n y Turismo, con motivo de la inaguraci&#xF3;n del curso oficial en la Escuela de Radiodifusi&#xF3;n y Televisi&#xF3;n. Memoria del curso 1967-68</subfield>
  </datafield>
  <datafield tag="710" ind1="1" ind2=" ">
    <subfield code="9">4357</subfield>
    <subfield code="a">Espanya</subfield>
    <subfield code="b"> -- Ministerio de Informaci&#xF3;n y Turismo</subfield>
  </datafield>
  <datafield tag="942" ind1=" " ind2=" ">
    <subfield code="c">FULLET</subfield>
    <subfield code="2">udc</subfield>
  </datafield>
  <datafield tag="999" ind1=" " ind2=" ">
    <subfield code="c">2312</subfield>
    <subfield code="d">2312</subfield>
  </datafield>
  <datafield tag="952" ind1=" " ind2=" ">
    <subfield code="0">0</subfield>
    <subfield code="1">0</subfield>
    <subfield code="4">0</subfield>
    <subfield code="7">0</subfield>
    <subfield code="a">CDMR</subfield>
    <subfield code="b">CDMR</subfield>
    <subfield code="d">2013-01-16</subfield>
    <subfield code="l">0</subfield>
    <subfield code="o">EF 3/18</subfield>
    <subfield code="p">CDMR13107863H</subfield>
    <subfield code="r">2013-01-16</subfield>
    <subfield code="w">2013-01-16</subfield>
    <subfield code="y">FULLET</subfield>
  </datafield>
</record>
